| 000 | 01018nam a2200253Ia 4500 | ||
|---|---|---|---|
| 003 | OSt | ||
| 005 | 20221002043731.0 | ||
| 006 | a|||||r|||| 00| 0 | ||
| 007 | ta | ||
| 008 | 220930b |||||||| |||| 00| 0 hin d | ||
| 020 |
_a8170160359 (hbk) _c1500 |
||
| 024 | _a99635 | ||
| 037 |
_b363, 03/03/2010, Swaraj Prakashan _cReference Collections |
||
| 040 |
_aCRL _cCRL _bhin |
||
| 041 |
_2hin _ahin |
||
| 082 | _aO152,2N05x, P4.1-.3(RR) | ||
| 100 | _aवर्मा, रामकुमार | ||
| 245 | 0 | _aरामकुमार वर्मा नाटक रचनावली | |
| 260 |
_aनयी _bदिल्ली किताब घर _c2004 |
||
| 490 | _vखंड 1 | ||
| 700 | _a गोयनका, कमलकिशोर, संपा. | ||
| 942 |
_hO152,2N05x, P4.1-.3(RR) _cref _2CC |
||
| 999 |
_c908788 _d908788 |
||